Statistics for Vehicles/Transportations That Start With Z

Click here to take the quiz!

General Stats

  • This quiz has been taken 4 times
  • The average score is 3 of 7

Answer Stats

Answer% Correct
Zeppelin
75%
Zenos
50%
Zenvo
50%
Zipline
50%
Zagato
25%
Zender
25%
Zytek
25%

Score Distribution

Percentile by Number Answered

Percent of People with Each Score

Your Score History

You have not taken this quiz